000 00438nam a2200169Ia 4500
005 20241003062130.0
008 240331s9999 xx 000 0 und d
020 _a0044403666
082 _bGER
_a820
100 _aGerrard, N
245 0 _aInto the mainstream :
_bhow feminism has changed women's writing
260 _aLondon
_bPandora press
_c1989
300 _aix, 178 p .,
650 _aFeminist
650 _aLiterature
942 _cL
999 _c3161
_d3161